| 000 | 04675nam a2200241 4500 | ||
|---|---|---|---|
| 003 | NALT | ||
| 005 | 20250814102723.0 | ||
| 008 | 250813b th ||||| |||| 00| 0 tha d | ||
| 020 | _a9789749769560 | ||
| 040 | _aNALT | ||
| 086 | _aนร 11 1.2 2564 | ||
| 110 | 2 |
_aสำนักนายกรัฐมนตรี. _bสำนักงานสภาพัฒนาการเศรษฐกิจและสังคมแห่งชาติ _937601 |
|
| 245 | 1 | 0 |
_a7 ทศวรรษสภาพัฒน์ / _cสำนักงานสภาพัฒนาการเศรษฐกิจและสังคมแห่งชาติ. |
| 250 | _aพิมพ์ครั้งที่ 1. | ||
| 260 |
_aกรุงเทพฯ : _bสำนักงานสภาพัฒนาการเศรษฐกิจและสังคมแห่งชาติ, _c2564. |
||
| 300 |
_a368 หน้า : _bภาพประกอบ, แผนภูมิ ; _c30 ซม. |
||
| 505 | 2 | _aพระบรมราโชวาท -- พระมหากรุณาธิคุณ เทิดไว้เหนือเกล้าฯ ชาวสภาพัฒน์ -- พระบาทสมเด็จพระบรมชนกาธิเบศร มหาภูมิพลอดุลยเดชมหาราช บรมนารถบพิตร พระราชทาน "ปรัชญาของเศรษฐกิจพอเพียง" -- สมเด็จพระนางเจ้าสิริกิติ์ พระบรมราชินีนาถ พระบรมราชชนนีพันปีหลวง พระราชทานพระราชดำริ "ธนาคารสมอง" -- พระบาทสมเด็จพระเจ้าอยู่หัว พระราชทาน "โครงการทุนการศึกษาพระราชทานสมเด็จพระบรมโอรสาธิราชฯ สยามมกุฎราชกุมาร" สร้างอนาคตแก่เด็กและเยาวชนไทย -- พระมหากรุณาธิคุณของสมเด็จพระกนิษฐาธิราชเจ้า กรมสมเด็จพระเทพรัตนราชสุดาฯ สยามบรมราชกุมารี ต่อสำนักงานสภาพัฒนาการเศรษฐกิจและสังคมแห่งชาติ -- สารนายกรัฐมนตรี -- สารประธานสภาพัฒนาการเศรษฐกิจและสังคมแห่งชาติ -- สารเลขาธิการสภาพัฒนาการเศรษฐกิจและสังคมแห่งชาติ -- สภาพัฒนาการเศรษฐกิจและสังคมแห่งชาติ -- คณะผู้บริหารสำนักงานสภาพัฒนาการเศรษฐกิจและสังคมแห่งชาติ -- ส่วนที่ 1 : รำลึกถึงปูชนียบุคคล -- ส่วนที่ 2 : 7 ทศวรรษสภาพัฒน์ ร่วมคิด ร่วมสร้าง ร่วมวางอนาคตไทย -- ส่วนที่ 3 : 7 ทศวรรษแห่งการพัฒนาประเทศ -- ส่วนที่ 4 : เหลียวหลังแลหน้า -- อดีตประธานกรรมการพัฒนาการเศรษฐกิจและสังคมแห่งชาติ และประธานสภาพัฒนาการเศรษฐกิจและสังคมแห่งชาติ -- อดีตเลขาธิการคณะกรรมการพัฒนาการเศรษฐกิจและสังคมแห่งชาติ -- อดีตและเลขาธิการสภาพัฒนาการเศรษฐกิจและสังคมแห่งชาติ -- ส่วนที่ 5 : ปกิณกะเกี่ยวกับ สศช. | |
| 610 | 2 | 4 |
_aสำนักงานสภาพัฒนาการเศรษฐกิจและสังคมแห่งชาติ _xผลงาน _y2563 _961270 |
| 942 |
_2local _cGOV |
||
| 996 |
_ajidapa.t _bACQSTF _c2025-08-13 |
||
| 996 |
_avaree.k _bLIBSTF _c2025-08-14 |
||
| 996 |
_ajamriang.p _bCATSTF _c2025-08-14 |
||
| 999 |
_c107074 _d107074 |
||
| 998 |
_j1020 _k นางจำเรียง ระวังสำโรง |
||